ნორმალური ფორმატი
MARC ფორმატი
ჩანაწერი Personal Name
ჩანაწერთა რაოდენობა, რომელიც გამოყენებულია: 1
001 - CONTROL NUMBER
- control field: 5722
003 - CONTROL NUMBER IDENTIFIER
- control field: GE_BSU
005 - DATE AND TIME OF LATEST TRANSACTION
- control field: 20191209102941.0
008 - FIXED-LENGTH DATA ELEMENTS
- fixed length control field: 191209|| aca||aabn | a|a d
040 ## - CATALOGING SOURCE
- Original cataloging agency: GE_BSU
- Transcribing agency: GE_BSU
100 ## - HEADING--PERSONAL NAME
- Personal name: ნადირაძე, ელდარ
- Relator term: რედაქტორი
670 ## - SOURCE DATA FOUND
- Source citation: Work cat.: (GE_BSU)40037: შამილაძე, ვახტანგ 1457, ახალი და უახლესი თეორიული მიმდინარეობანი ეთნოლოგიაში XIX საუკუნის მეორე ნახევარსა და XX საუკუნეში = Новые и новейшие теоретические течения в этнологии во второй половине XIX-XX в. = New theoretical directions in ethnology in the second half of the 19 th - 20 th century :
